Etude surl'eclosion et l' elevage des cailies dans le centre de recheerche de l'universite royale d'agriculture (URA) au cambodge, (Record no. 2808)

000 -LEADER
fixed length control field 00495nam a22001577a 4500
003 - CONTROL NUMBER IDENTIFIER
control field OSt
005 - DATE AND TIME OF LATEST TRANSACTION
control field 20151027165931.0
008 - FIXED-LENGTH DATA ELEMENTS--GENERAL INFORMATION
fixed length control field 151027b xxu||||| |||| 00| 0 eng d
040 ## - CATALOGING SOURCE
Transcribing agency RUA
082 ## - DEWEY DECIMAL CLASSIFICATION NUMBER
Classification number VTF M 2002 B112 Or.1
100 ## - MAIN ENTRY--PERSONAL NAME
9 (RLIN) 2994
Personal name M KEO SOVANNARY
245 ## - TITLE STATEMENT
Title Etude surl'eclosion et l' elevage des cailies dans le centre de recheerche de l'universite royale d'agriculture (URA) au cambodge,
260 ## - PUBLICATION, DISTRIBUTION, ETC. (IMPRINT)
Place of publication, distribution, etc. Phnom Penh
Name of publisher, distributor, etc. Rua
Date of publication, distribution, etc. 2002
300 ## - PHYSICAL DESCRIPTION
Extent 39p.
Other physical details ill.
Dimensions 29cm.
942 ## - ADDED ENTRY ELEMENTS (KOHA)
Source of classification or shelving scheme
Koha item type VTF
Holdings
Price effective from Date last seen Permanent Location Not for loan Date acquired Source of classification or shelving scheme Koha item type Barcode Lost status Damaged status Shelving location Withdrawn status Current Location Full call number
2015-10-272015-10-27Library Block B 2015-10-27 VTFRUA017224  B112 Library Block BVTF M 2002 B112 Or.1
2015-10-272015-10-27Library Block B 2015-10-27 VTFRUA017296  B112 Library Block BVTF M 2002 B112 Or.2
2015-10-272015-10-27Library Block B 2015-10-27 VTFRUA017368  B112 Library Block BVTF M 2002 B112 Or.3
2015-10-272015-10-27Library Block B 2015-10-27 VTFRUA017169  B112 Library Block BVTF M 2002 B112 Or.4
មជ្ឈមណ្ឌលឯការនៃសាកលវិទ្យាល័យភូមិន្ទកសិកម្មចំការដូង

Powered by Koha